00565nam a2200157Ia 4500008004000000082001500040100002200055245007500077260004000152300001300192650003500205690001400240906001000254999001700264952012600281210210b1973 xxu||||| |||| 00| 0 eng d a141.3 BUEL aBUELL (Lawrence). aLiterary transcendentalism:style & vision in the American renaissance. aN DbEurasia Publishing Housec1973 aviii,336 aTranscendentalism Meditatio aPhilosoph a03198 c83171d83171 001040708PhilosophyaALbALcPhilosophyd2021-02-17g20.00l0o141.3 BUELp031983r2021-02-17 00:00:00w2021-02-17yBK